Taylor Swift quiz #4 - Statistics

Estatísticas Gerais
  • Esse quiz foi jogado 148 vezes
    86 desde o último reset
  • A pontuação média é 17 de 36
Estatísticas das Respostas
Hint Resposta % Correto
Em que ano Swift lançou o álbum "evermore"? 2020
96%
Durante qual era da "The Eras Tour" uma cabana aparece? folklore
87%
Quantos Grammys Swift possui atualmente? 14
85%
Como se chamava a avó materna de Taylor? Marjorie
85%
Com quais cantores são feitas as colaborações (feats) nas músicas das versões oficiais dos álbuns "Reputation" e "Lover"? Ed Sheeran
81%
Quantas músicas possui o álbum "1989 deluxe", de 2014? 19
75%
Quais músicas foram gravadas para o filme "Jogos Vorazes"? Safe & Sound
75%
E quais são os singles de "evermore"? willow
75%
Como é o nome da música, performada por Rihanna e Calvin Harris, que foi escrita pela Taylor? This is what you came for
70%
Qual seria o nome alternativo do álbum "Speak Now"? Enchanted
60%
Future
57%
Mine
57%
Qual o nome do irmão de Taylor? Austin
51%
Mean
51%
Quais foram os singles da primeira versão de "Speak Now"? Back to december
49%
Sparks fly
49%
Brendon Urie
46%
Eyes Open
45%
Long live (feat. Paula Fernandes)
43%
Complete: Oh, I stare at the phone, he still hasn't called / And then you feel so low, you can't feel nothing at all / And you flashback to when we said: _______ ___ ______ forever and always
39%
De que música é o verso: "Turns out it was that guy you hooked up with ages ago / Some wannabe Z-lister"? Paris
39%
Babe
37%
The story of us
37%
The Chicks
36%
Com que música Taylor encerrava a "1989 Tour"? Shake it off
34%
no body, no crime
33%
Quais músicas "From the Vault" do álbum "Red(TV)" já haviam sido lançadas bem antes do lançamento do álbum completo? Better man
30%
Ours
30%
Qual o tipo de fazenda que Taylor vivia em sua infância? Fazenda de árvores de natal
27%
Quais nomes dos vinis de "1989(TV)" são citados na música "Slut!"? Aquamarine
24%
Tangerine
24%
Quais foram as músicas surpresa do primeiro dia da "The Eras Tour" no Brasil? Stay beautiful
22%
Qual nome do filme de 2022 em que a personagem interpretada por Taylor Swift foi atropelada por um carro? Amsterdam
21%
Suburban legends
21%
Sunrise Boulevard
19%
coney island
16%
Nenhum quiz correspondente encontrado
Distribuição das Pontuações
Porcentagem de Pessoas com Cada Pontuação
Percentil de Números Respondidos
Sua Pontuação Histórica
Você não jogou esse quiz desde o último reset